000 00604nam a2200229Ia 4500
003 OSt
005 20220924132531.0
006 a|||||r|||| 00| 0
007 ta
008 220923b |||||||| |||| 00| 0 san d
024 _a59991
037 _cTextual
040 _aARTS
_cARTS
_bsan
041 _2san
_asan
082 _aQ2:4zxE60:1, 15H1.5
100 _aBhatta Lakshmidhara
245 0 _aKrtyakalpataru ed by K V Rangaswami Aiyangar
260 _c1941
650 _aRELIGION
942 _hQ2:4zxE60:1, 15H1.5
_cTEXL
_2CC
999 _c430602
_d430602